| 000 | 00661cam a2200241 4500 | ||
|---|---|---|---|
| 001 | M1403 | ||
| 008 | 090401t1993 xxu||||| |||| 00| 0 eng d | ||
| 035 | _a(Sirsi) u31686 | ||
| 041 | _aeng | ||
| 050 | _a711.52 | ||
| 110 |
_aUnited Kingdom _bDepartment of the Environment _9982 |
||
| 245 | 4 | _aThe East Thames corridor: the Government`s approach. | |
| 260 |
_aLondon _bDepartment of the Environment _c1993 |
||
| 300 | _a15p. ; 30cm. | ||
| 350 | _a0 | ||
| 650 | _aEAST THAMES CORRIDOR | ||
| 650 | _aLLEWELYN DAVIES | ||
| 650 | _aSERPLAN | ||
| 650 | _aURBAN DEVELOPMENT | ||
| 690 | _aPROPERTY-PROPERTY DEVELOPMENT | ||
| 942 | _n0 | ||
| 948 | _c04/03/1997 | ||
| 999 |
_c89614 _d89614 |
||